000 00434nam a2200181Ia 4500
001 24378
005 20260414151039.0
008 260414t2022||||xx |||||||||||||| ||spa||
041 _aESP
082 _a345.7
_bCH555
100 _aChiovenda Giuseppe,
_eAUT
245 0 _aEnsayos de derecho procesal civil
_b
260 _c2022
300 _a219 páginas :
_c23 cm.
650 _aDER
654 _aCDE
942 _cLIB
_dJUS
_fJUS
_2ddc
_n
999 _c24378
_d24378